1019 1381 1286 1603 1618 1767 1684 1115 1002 1923 1573 1967 1331 1503 1169 1221 1516 1138 1586 1563 1921 1714 1393 1647 1965 1928 1123 1134 1114 1824 1544 1472 1648 1863 1351 1437 1756 1878 1981 1543 1093 1483 1364 1672 1255 1762 1542 1861 1844 1424 1148 1467 1011 1051 1869 1937 1065 1179 1038 1908 1347 1094 1904 1078 1677 1943 1363 1730 1755 1366 1376 1586 1723 1872 1617 1054 1450 1854 1103 1101 1434 1606 1454 1171 1116 1833 1841 1935 1184 1324 1586 1766 1527 1389 1551 1410 1535 1783 1352 BCNSPRNW ULIB Ver.6.0+V

เปลี่ยนเป็นภาษาไทย

Change to English
 แสดงรายละเอียดบรรณานุกรม
  กลับหน้าหลัก

Brief Record : Get Marc (ISO 2709) : E-mail record : QR code < ปิดหน้าต่าง
LEADER : 00000nam 2200000uu 4500
001    13399113163
003     ULIB
008    110929s2550||||th 000 0 tha d
020    9789747507829
050 04 QA76.75^bม453ม 2550
100 0  มานิตย์ กริ่งรัมย์
245 10 มือใหม่สร้างเว็บไซท์ PHP+ Dreamweaver ใน 2 ชั่วโมง /^cมานิตย์ กริ่งรัมย์
260    กรุงเทพฯ :^bBluesoft,^c2550
300    386 หน้า :^bภาพประกอบ +^eซีดีรอม 1 แผ่น
650  0 Web Sites^xDesign
650  0 Macromedia Dreamweaver (Computer file)
650  0 PHP (Computer program language)
650  0 Web Sites^xAuthoring programs
650  7 ดรีมวีเวอร์
650  7 โปรแกรมคอมพิวเตอร์
650  7 เว็บไซต์
945    ^p225^l0^i024977
945    ^p225^l0^i024978
995    ทศพร
999 ^a ทศพร
รายการนี้ยังไม่มีแท็ก
คุณยังไม่ได้ล็อกอิน คุณสามารถมีกิจกรรมร่วมกับเว็บไซต์ได้ แต่ต้องล็อกอินก่อน ::
  ล็อกอิน

รายการสื่อสารสนเทศ

ลำดับที่ ประเภท เลขเรียก/บาร์โค้ด สถานที่ สถานะ
- ไม่พบข้อมูล -

รายการใกล้เคียง
    ผู้แต่ง [มานิตย์ กริ่งรัมย์]

    หัวเรื่อง [Macromedia Dreamweaver (Computer file)]
    หัวเรื่อง [PHP (Computer program language)]
    หัวเรื่อง [ดรีมวีเวอร์]
    หัวเรื่อง [โปรแกรมคอมพิวเตอร์]
    หัวเรื่อง [เว็บไซต์]

BibComment


ยังไม่เคยถูกคอมเมนท์

คอมเมนท์ทรัพยากรรายการนี้
  คอมเมนท์: มือใหม่สร้างเว็บไ..


 Copyright 2026. Bcnsprnw @Library